[Event "Niederbayernliga 1415"]
[Site "Bayern"]
[Date "2015.03.15"]
[Round "8.1"]
[White "Stroeher, Wolfgang"]
[Black "Heyne, Martin"]
[Result "1-0"]
[WhiteElo "1953"]
[BlackElo "2049"]
[PlyCount "79"]
[EventDate "2014.10.19"]
[EventType "team-tourn"]
[EventRounds "9"]
[EventCountry "GER"]
[SourceTitle "EXT 2023"]
[Source "ChessBase"]
[SourceDate "2022.10.05"]
[SourceVersion "1"]
[SourceVersionDate "2022.10.05"]
[SourceQuality "1"]
[WhiteTeam "Straubing SC"]
[BlackTeam "Schaibing"]
[WhiteTeamCountry "GER"]
[BlackTeamCountry "GER"]

1. e4 e6 2. c4 d5 3. cxd5 exd5 4. exd5 Nf6 5. Nc3 Nxd5 6. Bc4 Nb6 7. Bb3 Be7 8. Nge2 0-0 9. 0-0 Nc6 10. d4 Bf6 11. d5 Na5 12. Bc2 Bg4 13. f3 Bh5 14. Ng3 Bg6 15. Bxg6 hxg6 16. Nge4 Qd7 17. Nxf6+ gxf6 18. Qd4 Nc6 19. Qxf6 Nxd5 20. Nxd5 Qxd5 21. Bh6 Qd4+ 22. Qxd4 Nxd4 23. Bxf8 Kxf8 24. Rad1 c5 25. Rfe1 b5 26. b4 Nc2 27. Re5 Nxb4 28. Rxc5 Nxa2 29. Ra1 Nb4 30. Rxb5 Nc6 31. Ra6 Rc8 32. Rc5 Ne7 33. Rxc8+ Nxc8 34. h4 Kg7 35. g4 Kf8 36. Kg2 Kg7 37. Rc6 Nb6 38. Rc7 a5 39. Rc5 a4 40. Ra5 1-0

[Event "Niederbayernliga 1415"]
[Site "Bayern"]
[Date "2015.01.31"]
[Round "6.1"]
[White "Stroeher, Wolfgang"]
[Black "Theiss, Johann"]
[Result "0-1"]
[WhiteElo "1953"]
[BlackElo "1991"]
[PlyCount "102"]
[EventDate "2014.10.19"]
[EventType "team-tourn"]
[EventRounds "9"]
[EventCountry "GER"]
[SourceTitle "EXT 2023"]
[Source "ChessBase"]
[SourceDate "2022.10.05"]
[SourceVersion "1"]
[SourceVersionDate "2022.10.05"]
[SourceQuality "1"]
[WhiteTeam "Straubing SC"]
[BlackTeam "Landau Dingolfing"]
[WhiteTeamCountry "GER"]
[BlackTeamCountry "GER"]

1. d4 f5 2. e4 fxe4 3. Nc3 Nf6 4. Bg5 Nc6 5. d5 Ne5 6. Qd4 Nf7 7. h4 e5 8. dxe6 dxe6 9. Qxd8+ Nxd8 10. 0-0-0 Nf7 11. Bxf6 gxf6 12. Nxe4 Be7 13. Nf3 Bd7 14. Bc4 Nd6 15. Bd3 0-0-0 16. Nd4 b6 17. Rhe1 Rde8 18. g3 c6 19. Bf1 Nxe4 20. Rxe4 e5 21. Nb3 f5 22. Bh3 Rhf8 23. Re2 Kc7 24. Nd2 Bf6 25. Ne4 Bg7 26. Kb1 Re7 27. Red2 h6 28. c4 Be6 29. b3 Rd7 30. Rxd7+ Bxd7 31. c5 Be8 32. cxb6+ axb6 33. Nd6 Bg6 34. Nc4 b5 35. Nb2 h5 36. f4 e4 37. Bf1 Bf7 38. Be2 Bf6 39. Rc1 Kb7 40. Rc5 Be6 41. Bxh5 Rg8 42. Bd1 Rxg3 43. a4 bxa4 44. Nxa4 Bd4 45. Rc1 Bxb3 46. Bxb3 Rxb3+ 47. Ka2 Rh3 48. Rd1 c5 49. Rb1+ Kc6 50. Rb6+ Kd5 51. Rh6 e3 0-1

[Event "Niederbayernliga 1415"]
[Site "Bayern"]
[Date "2014.12.06"]
[Round "4.2"]
[White "Stroeher, Wolfgang"]
[Black "Schoepe, Tobias"]
[Result "1/2-1/2"]
[WhiteElo "1953"]
[BlackElo "1903"]
[PlyCount "34"]
[EventDate "2014.10.19"]
[EventType "team-tourn"]
[EventRounds "9"]
[EventCountry "GER"]
[SourceTitle "EXT 2023"]
[Source "ChessBase"]
[SourceDate "2022.10.05"]
[SourceVersion "1"]
[SourceVersionDate "2022.10.05"]
[SourceQuality "1"]
[WhiteTeam "Straubing SC"]
[BlackTeam "Ergolding"]
[WhiteTeamCountry "GER"]
[BlackTeamCountry "GER"]

1. e4 e6 2. c4 c5 3. Nc3 Nc6 4. f4 d6 5. Nf3 g6 6. Be2 Bg7 7. 0-0 Nge7 8. d3 Nd4 9. Be3 Nec6 10. Qd2 0-0 11. Kh1 f5 12. Rae1 Re8 13. Bd1 Bd7 14. Bg1 a6 15. Ne2 e5 16. Nfxd4 Nxd4 17. Nxd4 exd4 1/2-1/2

[Event "Niederbayernliga 1213"]
[Site "Bayern"]
[Date "2013.??.??"]
[Round "7"]
[White "Stroeher, Wolfgang"]
[Black "Grum, Theodor"]
[Result "1/2-1/2"]
[WhiteElo "1971"]
[BlackElo "1848"]
[PlyCount "30"]
[EventDate "2012.10.14"]
[EventType "team-tourn"]
[EventRounds "9"]
[EventCountry "GER"]
[SourceTitle "EXT 2023"]
[Source "ChessBase"]
[SourceDate "2022.10.05"]
[SourceVersion "1"]
[SourceVersionDate "2022.10.05"]
[SourceQuality "1"]
[WhiteTeam "Straubing SC"]
[BlackTeam "Grafenau"]
[WhiteTeamCountry "GER"]
[BlackTeamCountry "GER"]

1. e4 c5 2. c3 Nc6 3. Nf3 e6 4. d4 cxd4 5. cxd4 Nf6 6. e5 Nd5 7. a3 d6 8. Bd3 Be7 9. 0-0 0-0 10. Qe2 f5 11. exf6 Bxf6 12. Qe4 g6 13. Bh6 Bg7 14. Bxg7 Kxg7 15. Bc4 Rf4 1/2-1/2

[Event "Niederbayernliga 1213"]
[Site "Bayern"]
[Date "2013.??.??"]
[Round "9"]
[White "Stroeher, Wolfgang"]
[Black "Mauritz, Guenther"]
[Result "1-0"]
[WhiteElo "1971"]
[BlackElo "1848"]
[PlyCount "61"]
[EventDate "2012.10.14"]
[EventType "team-tourn"]
[EventRounds "9"]
[EventCountry "GER"]
[SourceTitle "EXT 2023"]
[Source "ChessBase"]
[SourceDate "2022.10.05"]
[SourceVersion "1"]
[SourceVersionDate "2022.10.05"]
[SourceQuality "1"]
[WhiteTeam "Straubing SC"]
[BlackTeam "Aidenbach"]
[WhiteTeamCountry "GER"]
[BlackTeamCountry "GER"]

1. e4 e5 2. Nf3 Nc6 3. Nc3 Nf6 4. d4 exd4 5. Nd5 Nb4 6. Nxf6+ Qxf6 7. Bc4 Bc5 8. 0-0 d6 9. Bg5 Qg6 10. a3 Nc6 11. Re1 Bg4 12. b4 Bb6 13. Bf4 0-0 14. e5 Rae8 15. Bd3 f5 16. Bc4+ Kh8 17. e6 Ne7 18. h3 Bxh3 19. Ng5 Bg4 20. Qd2 h6 21. Nf7+ Kh7 22. a4 d3 23. Ra3 Bf3 24. Bg5 Be4 25. cxd3 hxg5 26. dxe4 fxe4 27. Rh3+ Qh6 28. Rxh6+ gxh6 29. a5 e3 30. fxe3 Bxe3+ 31. Rxe3 1-0

[Event "Niederbayernliga 1213"]
[Site "Bayern"]
[Date "2012.11.11"]
[Round "2.2"]
[White "Wiedmann, Klaus"]
[Black "Stroeher, Wolfgang"]
[Result "1/2-1/2"]
[WhiteElo "1970"]
[BlackElo "1971"]
[PlyCount "81"]
[EventDate "2012.10.14"]
[EventType "team-tourn"]
[EventRounds "9"]
[EventCountry "GER"]
[SourceTitle "EXT 2023"]
[Source "ChessBase"]
[SourceDate "2022.10.05"]
[SourceVersion "1"]
[SourceVersionDate "2022.10.05"]
[SourceQuality "1"]
[WhiteTeam "Rottal II"]
[BlackTeam "Straubing SC"]
[WhiteTeamCountry "GER"]
[BlackTeamCountry "GER"]

1. e4 Nf6 2. e5 Nd5 3. d4 d6 4. exd6 cxd6 5. Nf3 g6 6. c3 Bg7 7. Bd3 0-0 8. 0-0 Nc6 9. Bg5 h6 10. Bh4 g5 11. Bg3 f5 12. h3 Kh8 13. Na3 e5 14. Bc4 Nb6 15. dxe5 dxe5 16. Qxd8 Rxd8 17. Rfd1 Rxd1+ 18. Rxd1 f4 19. Bh2 Nxc4 20. Nxc4 Be6 21. Nd6 Rd8 22. Rd2 Rd7 23. b3 Kg8 24. Ne4 Rxd2 25. Nfxd2 Kf8 26. Kf1 Ke7 27. f3 b6 28. Bg1 Bc8 29. a4 Ba6+ 30. Ke1 Bd3 31. Kd1 Ke6 32. Nf2 Bg6 33. Nfe4 Be8 34. Bf2 Bf8 35. h4 Be7 36. hxg5 hxg5 37. Ke2 Na5 38. Kd3 Nb7 39. Nc4 Bg6 40. Ncd2 Bc5 41. Ke2 1/2-1/2

[Event "Niederbayernliga 1213"]
[Site "Bayern"]
[Date "2012.10.14"]
[Round "1.1"]
[White "Mueller, Michael3333"]
[Black "Stroeher, Wolfgang"]
[Result "1-0"]
[WhiteElo "2075"]
[BlackElo "1971"]
[PlyCount "69"]
[EventDate "2012.10.14"]
[EventType "team-tourn"]
[EventRounds "9"]
[EventCountry "GER"]
[SourceTitle "EXT 2023"]
[Source "ChessBase"]
[SourceDate "2022.10.05"]
[SourceVersion "1"]
[SourceVersionDate "2022.10.05"]
[SourceQuality "1"]
[WhiteTeam "Regen/Viechtach"]
[BlackTeam "Straubing SC"]
[WhiteTeamCountry "GER"]
[BlackTeamCountry "GER"]

1. Nf3 d5 2. g3 c5 3. Bg2 Nc6 4. 0-0 e6 5. d4 Nf6 6. a3 Be7 7. dxc5 Bxc5 8. b4 Be7 9. Bb2 0-0 10. c4 a6 11. Nbd2 Bd7 12. Rc1 Rc8 13. Re1 Qb6 14. e4 dxe4 15. Nxe4 Nxe4 16. Rxe4 Rfd8 17. c5 Qc7 18. Ne5 Be8 19. Qb3 Bf8 20. Nc4 f5 21. Ree1 Bf7 22. Be5 Nxe5 23. Nxe5 Re8 24. Rcd1 Re7 25. Rd6 Rce8 26. Rb6 Qc8 27. Qf3 g6 28. Rxb7 Rxb7 29. Qxb7 Qxb7 30. Bxb7 a5 31. Rd1 Re7 32. c6 axb4 33. axb4 Be8 34. Nd7 Bxd7 35. cxd7 1-0

[Event "Regionalliga SO 1011"]
[Site "Bayern"]
[Date "2011.04.10"]
[Round "9.2"]
[White "Stroeher, Wolfgang"]
[Black "Kretschel, Klaus"]
[Result "1-0"]
[WhiteElo "1976"]
[BlackElo "2038"]
[PlyCount "71"]
[EventDate "2010.10.10"]
[EventType "team-tourn"]
[EventRounds "9"]
[EventCountry "GER"]
[SourceTitle "EXT 2012"]
[Source "ChessBase"]
[SourceDate "2011.11.24"]
[SourceVersion "1"]
[SourceVersionDate "2011.11.24"]
[SourceQuality "1"]
[WhiteTeam "Straubing"]
[BlackTeam "Unterpfaff Germering"]
[WhiteTeamCountry "GER"]
[BlackTeamCountry "GER"]

1. e4 e5 2. Nf3 Nc6 3. Bc4 Bc5 4. d3 Nf6 5. Bb3 d6 6. c3 0-0 7. Bg5 h6 8. Bh4 a5 9. Nbd2 Be6 10. h3 Bxb3 11. Qxb3 a4 12. Qc2 Nb8 13. d4 exd4 14. cxd4 Bb4 15. 0-0 Nbd7 16. a3 Bxd2 17. Nxd2 c6 18. Rfe1 Qc8 19. Nc4 Qb8 20. Bg3 Ne8 21. e5 dxe5 22. dxe5 Qa7 23. Rad1 Nc5 24. Ne3 Nc7 25. Nf5 N7e6 26. Bh4 Rfe8 27. Nd6 Reb8 28. Qf5 b5 29. Re3 Rf8 30. Rg3 Rab8 31. Bf6 b4 32. Rd4 bxa3 33. Rdg4 g6 34. Qh5 Ng7 35. Qxh6 Nce6 36. Rh4 1-0

[Event "Regionalliga SO 1011"]
[Site "Bayern"]
[Date "2011.03.20"]
[Round "8.2"]
[White "Jergler, Karl Heinz"]
[Black "Stroeher, Wolfgang"]
[Result "0-1"]
[WhiteElo "2146"]
[BlackElo "1976"]
[PlyCount "120"]
[EventDate "2010.10.10"]
[EventType "team-tourn"]
[EventRounds "9"]
[EventCountry "GER"]
[SourceTitle "EXT 2012"]
[Source "ChessBase"]
[SourceDate "2011.11.24"]
[SourceVersion "1"]
[SourceVersionDate "2011.11.24"]
[SourceQuality "1"]
[WhiteTeam "Waldkraiburg"]
[BlackTeam "Straubing"]
[WhiteTeamCountry "GER"]
[BlackTeamCountry "GER"]

1. e4 Nf6 2. e5 Nd5 3. c4 Nb6 4. c5 Nd5 5. Nc3 c6 6. d4 d6 7. cxd6 exd6 8. Nf3 Be7 9. a3 0-0 10. Bd3 Bg4 11. 0-0 Nxc3 12. bxc3 dxe5 13. dxe5 Qd5 14. c4 Bxf3 15. Qxf3 Qxf3 16. gxf3 Nd7 17. Bb2 Nc5 18. Bc2 Rad8 19. Rad1 Rxd1 20. Rxd1 Rd8 21. Rxd8+ Bxd8 22. Kf1 Ne6 23. Bf5 g6 24. Bc2 Bb6 25. Bc1 Bc5 26. a4 Kf8 27. f4 Ng7 28. Ke2 Nf5 29. Bb2 Ke7 30. Bc3 Ke6 31. Be4 Ne7 32. Bg2 b6 33. Bh3+ Nf5 34. Bg2 Kd7 35. Be4 a6 36. Bb2 b5 37. cxb5 axb5 38. axb5 cxb5 39. Bd5 Ke7 40. Be4 Ng7 41. Bc1 Ne6 42. f3 Bg1 43. h3 Bh2 44. Bd5 Nxf4+ 45. Bxf4 Bxf4 46. Kd3 Bxe5 47. Ke4 Bc3 48. Kd3 b4 49. Bb3 g5 50. Ke4 Kf6 51. f4 h6 52. f5 h5 53. Bd1 h4 54. Bb3 Be5 55. Bd1 Bd6 56. Bb3 g4 57. hxg4 Kg5 58. Kf3 f6 59. Bd1 h3 60. Be2 b3 0-1

[Event "Niederbayern-ch"]
[Site "Mamming"]
[Date "2011.03.12"]
[Round "5"]
[White "Stroeher, Wolfgang"]
[Black "Palmi, Herbert"]
[Result "0-1"]
[WhiteElo "1976"]
[BlackElo "2001"]
[PlyCount "50"]
[EventDate "2011.03.10"]
[EventType "swiss"]
[EventRounds "7"]
[EventCountry "GER"]
[SourceTitle "EXT 2023"]
[Source "ChessBase"]
[SourceDate "2022.10.05"]
[SourceVersion "1"]
[SourceVersionDate "2022.10.05"]
[SourceQuality "1"]

1. d4 Nf6 2. Bg5 e6 3. Nc3 d5 4. e3 Nbd7 5. a3 c5 6. Nf3 a6 7. dxc5 Bxc5 8. Bd3 b5 9. b4 Bd6 10. 0-0 Bb7 11. e4 Qc7 12. Bxf6 gxf6 13. Qe1 Rc8 14. Nd1 Ne5 15. Nxe5 Bxe5 16. Rc1 Bxh2+ 17. Kh1 Bf4 18. Rb1 Qe5 19. Be2 Qg5 20. Rb3 Bd2 21. Bxb5+ axb5 22. Qe2 dxe4 23. Rg3 Qd5 24. Ne3 Bxe3 25. fxe3 Ke7 0-1

[Event "Niederbayern-ch"]
[Site "Mamming"]
[Date "2011.03.12"]
[Round "6"]
[White "Stroeher, Wolfgang"]
[Black "Reich, Christian"]
[Result "1/2-1/2"]
[WhiteElo "1976"]
[BlackElo "1647"]
[PlyCount "76"]
[EventDate "2011.03.10"]
[EventType "swiss"]
[EventRounds "7"]
[EventCountry "GER"]
[SourceTitle "EXT 2023"]
[Source "ChessBase"]
[SourceDate "2022.10.05"]
[SourceVersion "1"]
[SourceVersionDate "2022.10.05"]
[SourceQuality "1"]

1. e4 c5 2. f4 e5 3. Nf3 exf4 4. Bc4 Nc6 5. d3 d6 6. Nc3 Be6 7. Nd5 Bxd5 8. exd5 Qe7+ 9. Kf2 Ne5 10. Re1 g5 11. Kf1 0-0-0 12. c3 Qf6 13. Qe2 Nxc4 14. dxc4 g4 15. Nd2 h5 16. Ne4 Qf5 17. b4 b6 18. Qf2 Bh6 19. bxc5 dxc5 20. Ba3 Bf8 21. Nxc5 Bxc5 22. Bxc5 Qd3+ 23. Kg1 Qxc4 24. Bxb6 axb6 25. Qxb6 Rh6 26. Qa7 Qc7 27. Qd4 h4 28. Re4 Rf6 29. Rb1 h3 30. Rb4 Kd7 31. Rxf4 Rxf4 32. Qxf4 Qxf4 33. Rxf4 hxg2 34. Rxf7+ Kd6 35. c4 Ra8 36. Rg7 Nf6 37. Rg6 Ke5 38. Kxg2 Rxa2+ 1/2-1/2

[Event "Niederbayern-ch"]
[Site "Mamming"]
[Date "2011.03.11"]
[Round "3"]
[White "Stroeher, Wolfgang"]
[Black "Golder, Waldemar"]
[Result "1/2-1/2"]
[WhiteElo "1976"]
[BlackElo "1824"]
[PlyCount "28"]
[EventDate "2011.03.10"]
[EventType "swiss"]
[EventRounds "7"]
[EventCountry "GER"]
[SourceTitle "EXT 2023"]
[Source "ChessBase"]
[SourceDate "2022.10.05"]
[SourceVersion "1"]
[SourceVersionDate "2022.10.05"]
[SourceQuality "1"]

1. d4 c6 2. Nc3 d5 3. Bg5 Bf5 4. e3 Nd7 5. Bd3 Bxd3 6. Qxd3 Ngf6 7. Nf3 e6 8. Ne5 Be7 9. f4 Qc7 10. 0-0 a6 11. Nxd7 Qxd7 12. Na4 Qc7 13. Nc5 b6 14. Nb3 Ne4 1/2-1/2

[Event "Regionalliga SO 1011"]
[Site "Bayern"]
[Date "2011.02.27"]
[Round "7.2"]
[White "Stroeher, Wolfgang"]
[Black "Wittmann, Matthias"]
[Result "1/2-1/2"]
[WhiteElo "1976"]
[BlackElo "2138"]
[PlyCount "39"]
[EventDate "2010.10.10"]
[EventType "team-tourn"]
[EventRounds "9"]
[EventCountry "GER"]
[SourceTitle "EXT 2012"]
[Source "ChessBase"]
[SourceDate "2011.11.24"]
[SourceVersion "1"]
[SourceVersionDate "2011.11.24"]
[SourceQuality "1"]
[WhiteTeam "Straubing"]
[BlackTeam "Pang/Rosenheim II"]
[WhiteTeamCountry "GER"]
[BlackTeamCountry "GER"]

1. d4 Nf6 2. Bg5 g6 3. Bxf6 exf6 4. e3 Bg7 5. g3 0-0 6. Bg2 f5 7. c4 c5 8. Ne2 Nc6 9. Nbc3 Qb6 10. dxc5 Qxb2 11. Rc1 Qb4 12. 0-0 Qxc5 13. Qa4 d6 14. Rfd1 Be6 15. Nb5 Rad8 16. Ned4 Bd7 17. Nb3 Qb4 18. Qxb4 Nxb4 19. Nxd6 Ba4 20. Nxb7 1/2-1/2

[Event "Regionalliga SO 1011"]
[Site "Bayern"]
[Date "2011.02.06"]
[Round "6.1"]
[White "Stroeher, Wolfgang"]
[Black "Niedermeier, Thomas"]
[Result "1/2-1/2"]
[WhiteElo "1976"]
[BlackElo "2108"]
[PlyCount "63"]
[EventDate "2010.10.10"]
[EventType "team-tourn"]
[EventRounds "9"]
[EventCountry "GER"]
[SourceTitle "EXT 2012"]
[Source "ChessBase"]
[SourceDate "2011.11.24"]
[SourceVersion "1"]
[SourceVersionDate "2011.11.24"]
[SourceQuality "1"]
[WhiteTeam "Straubing"]
[BlackTeam "Ilmmuenster"]
[WhiteTeamCountry "GER"]
[BlackTeamCountry "GER"]

1. d4 Nf6 2. Bg5 d5 3. Nc3 e6 4. e3 c5 5. a3 Nc6 6. Nf3 Be7 7. dxc5 Bxc5 8. Bd3 h6 9. Bh4 0-0 10. 0-0 b6 11. e4 d4 12. Ne2 e5 13. b4 Bd6 14. c3 dxc3 15. Nxc3 Bg4 16. Nd5 g5 17. Qd2 Nxd5 18. exd5 Bxf3 19. dxc6 Bxc6 20. Rac1 Bb7 21. Rfd1 Qf6 22. Bg3 Rfd8 23. Qe2 Rac8 24. Rxc8 Rxc8 25. Qg4 Re8 26. Qd7 Re7 27. Qd8+ Kg7 28. Bh7 Kxh7 29. Rxd6 Qf5 30. h4 Re6 31. Qd7 gxh4 32. Rxe6 1/2-1/2

[Event "Niederbayernliga 1112"]
[Site "Bayern"]
[Date "2011.??.??"]
[Round "4"]
[White "Theiss, Johann"]
[Black "Stroeher, Wolfgang"]
[Result "0-1"]
[WhiteElo "1986"]
[BlackElo "1999"]
[PlyCount "58"]
[EventDate "2011.10.??"]
[EventType "team-tourn"]
[EventRounds "9"]
[EventCountry "GER"]
[SourceTitle "EXT 2023"]
[Source "ChessBase"]
[SourceDate "2022.10.05"]
[SourceVersion "1"]
[SourceVersionDate "2022.10.05"]
[SourceQuality "1"]
[WhiteTeam "Landau Dingolfing"]
[BlackTeam "Straubing SC"]
[WhiteTeamCountry "GER"]
[BlackTeamCountry "GER"]

1. d4 d5 2. c4 dxc4 3. Nc3 Nc6 4. Nf3 Nf6 5. e3 Bg4 6. Bxc4 e6 7. h3 Bxf3 8. gxf3 a6 9. f4 Bb4 10. Qc2 0-0 11. Bd2 Bxc3 12. Bxc3 Nd5 13. Bd2 f5 14. a3 Qd7 15. Rc1 Rf6 16. Rg1 Nce7 17. Ke2 c6 18. Rg5 Rg6 19. Rcg1 Rxg5 20. Rxg5 Nf6 21. f3 Rc8 22. b4 Rd8 23. Rg1 Kh8 24. Be1 Ned5 25. Bh4 Nxe3 26. Kxe3 Qxd4+ 27. Ke2 Qxg1 28. Bxe6 Qh2+ 29. Bf2 Nd5 0-1

[Event "Niederbayernliga 0910"]
[Site "Germany"]
[Date "2010.04.11"]
[Round "9.2"]
[White "Stroeher, Wolfgang"]
[Black "Siemens, Andreas"]
[Result "1/2-1/2"]
[WhiteElo "2003"]
[BlackElo "1919"]
[PlyCount "60"]
[EventDate "2009.10.18"]
[EventType "team-tourn"]
[EventRounds "9"]
[EventCountry "GER"]
[SourceTitle "EXT 2011"]
[Source "ChessBase"]
[SourceDate "2010.11.26"]
[SourceVersion "1"]
[SourceVersionDate "2010.11.26"]
[SourceQuality "1"]
[WhiteTeam "Straubing"]
[BlackTeam "Rottal II"]
[WhiteTeamCountry "GER"]
[BlackTeamCountry "GER"]

1. d4 Nf6 2. Bg5 d6 3. Bxf6 exf6 4. e3 Nc6 5. c3 g6 6. Bd3 Bg7 7. Nd2 Bd7 8. Ne2 Qe7 9. Nf4 Bh6 10. Nd5 Qd8 11. Ne4 Bg7 12. h4 f5 13. Ng5 h6 14. Nh3 Ne7 15. Ndf4 Ng8 16. Qb3 Rb8 17. Bc4 Qf6 18. Nd5 Qd8 19. 0-0-0 c6 20. Ndf4 d5 21. Bd3 Nf6 22. c4 Qa5 23. Kb1 0-0 24. cxd5 cxd5 25. Rc1 Bc6 26. Rc5 Qd8 27. Rhc1 Re8 28. g3 Bf8 29. R5c3 Ne4 30. Bxe4 fxe4 1/2-1/2

[Event "Niederbayernliga 0910"]
[Site "Germany"]
[Date "2010.02.07"]
[Round "6.2"]
[White "Fuchsgruber, Helmut"]
[Black "Stroeher, Wolfgang"]
[Result "1/2-1/2"]
[WhiteElo "1888"]
[BlackElo "2003"]
[PlyCount "69"]
[EventDate "2009.10.18"]
[EventType "team-tourn"]
[EventRounds "9"]
[EventCountry "GER"]
[SourceTitle "EXT 2011"]
[Source "ChessBase"]
[SourceDate "2010.11.26"]
[SourceVersion "1"]
[SourceVersionDate "2010.11.26"]
[SourceQuality "1"]
[WhiteTeam "Landau Dingolfing"]
[BlackTeam "Straubing"]
[WhiteTeamCountry "GER"]
[BlackTeamCountry "GER"]

1. d4 d5 2. c4 e6 3. Nc3 c5 4. cxd5 exd5 5. dxc5 d4 6. Na4 b5 7. cxb6 axb6 8. b3 Nf6 9. Nf3 Bd7 10. g3 Bxa4 11. bxa4 Bb4+ 12. Bd2 Bxd2+ 13. Qxd2 Rxa4 14. Bg2 0-0 15. 0-0 Re8 16. Qc2 Ra5 17. Rfd1 Rc5 18. Qb2 Nc6 19. Nxd4 Nxd4 20. Rxd4 Qc7 21. Bf3 Rc2 22. Qb4 Nd7 23. Qb5 Nf6 24. a4 Rc5 25. Qd3 Rc3 26. Qd2 h6 27. Rd1 Qc5 28. Qf4 Qe5 29. Qxe5 Rxe5 30. Rb4 Ra5 31. Rd8+ Kh7 32. Rb8 Ra3 33. Bc6 Nd5 34. Rd4 Nc3 35. Be4+ 1/2-1/2

[Event "Niederbayernliga 0809"]
[Site "Germany"]
[Date "2009.03.29"]
[Round "9.2"]
[White "Wiedmann, Klaus"]
[Black "Stroeher, Wolfgang"]
[Result "0-1"]
[WhiteElo "1942"]
[BlackElo "2006"]
[PlyCount "68"]
[EventDate "2008.10.05"]
[EventType "team-tourn"]
[EventRounds "9"]
[EventCountry "GER"]
[SourceTitle "EXT 2010"]
[Source "ChessBase"]
[SourceDate "2010.11.25"]
[SourceVersion "1"]
[SourceVersionDate "2010.11.25"]
[SourceQuality "1"]
[WhiteTeam "Rottal II"]
[BlackTeam "Straubing"]
[WhiteTeamCountry "GER"]
[BlackTeamCountry "GER"]

1. e4 e6 2. d4 d5 3. Nc3 Bb4 4. Bd2 c5 5. exd5 exd5 6. a3 Bxc3 7. Bxc3 c4 8. b3 cxb3 9. cxb3 Nc6 10. Nf3 Bf5 11. Be2 Nf6 12. 0-0 Ne4 13. Bb2 0-0 14. Ne5 Rc8 15. Rc1 Qb6 16. Nxc6 Rxc6 17. Rxc6 Qxc6 18. Bd3 Rc8 19. f3 Nd6 20. Bxf5 Nxf5 21. Qd3 Qe6 22. Bc1 h5 23. Bd2 Qf6 24. Be3 Re8 25. Re1 Nxd4 26. Rd1 Nc6 27. b4 a6 28. Bc5 Rd8 29. a4 Qe6 30. Bd4 Nxb4 31. Qc3 Nc6 32. Bxg7 d4 33. Bxd4 Rxd4 34. Rxd4 Nxd4 0-1

[Event "Niederbayernliga 0809"]
[Site "Germany"]
[Date "2008.12.14"]
[Round "4.2"]
[White "Zepke, Armin"]
[Black "Stroeher, Wolfgang"]
[Result "1/2-1/2"]
[WhiteElo "1970"]
[BlackElo "2006"]
[PlyCount "58"]
[EventDate "2008.10.05"]
[EventType "team-tourn"]
[EventRounds "9"]
[EventCountry "GER"]
[SourceTitle "EXT 2010"]
[Source "ChessBase"]
[SourceDate "2010.11.25"]
[SourceVersion "1"]
[SourceVersionDate "2010.11.25"]
[SourceQuality "1"]
[WhiteTeam "Bayerwald"]
[BlackTeam "Straubing"]
[WhiteTeamCountry "GER"]
[BlackTeamCountry "GER"]

1. d4 d5 2. Bf4 Nc6 3. e3 Nf6 4. Nf3 Bg4 5. Be2 e6 6. 0-0 Bd6 7. Bg3 Ne4 8. Nbd2 Nxg3 9. hxg3 Ne7 10. e4 c6 11. c4 0-0 12. a3 f5 13. exd5 exd5 14. c5 Bc7 15. Ng5 Qd7 16. f3 h6 17. fxg4 hxg5 18. gxf5 Nxf5 19. Bg4 Qe6 20. Bxf5 Rxf5 21. Rxf5 Qxf5 22. Nf1 Qe4 23. Qd2 Re8 24. Rd1 Qg4 25. Qd3 Re4 26. Kf2 Bd8 27. Ne3 Qe6 28. Re1 Bf6 29. Nc2 Rxe1 1/2-1/2

[Event "Niederbayernliga 0809"]
[Site "Germany"]
[Date "2008.10.26"]
[Round "2.2"]
[White "Grum, Theodor"]
[Black "Stroeher, Wolfgang"]
[Result "1/2-1/2"]
[WhiteElo "1700"]
[BlackElo "2006"]
[PlyCount "43"]
[EventDate "2008.10.05"]
[EventType "team-tourn"]
[EventRounds "9"]
[EventCountry "GER"]
[SourceTitle "EXT 2010"]
[Source "ChessBase"]
[SourceDate "2010.11.25"]
[SourceVersion "1"]
[SourceVersionDate "2010.11.25"]
[SourceQuality "1"]
[WhiteTeam "Grafenau"]
[BlackTeam "Straubing"]
[WhiteTeamCountry "GER"]
[BlackTeamCountry "GER"]

1. e4 Nf6 2. e5 Nd5 3. d4 d6 4. c4 Nb6 5. f4 dxe5 6. fxe5 Nc6 7. Be3 Bf5 8. Nc3 e6 9. Nf3 Qd7 10. Be2 0-0-0 11. 0-0 Bg4 12. c5 Nd5 13. Nxd5 Qxd5 14. Ng5 Bxe2 15. Qxe2 Nxd4 16. Bxd4 Qxd4+ 17. Kh1 Qd2 18. Qxd2 Rxd2 19. Rxf7 Bxc5 20. Nxe6 Bd4 21. Nxd4 Rxd4 22. Rxg7 1/2-1/2

[Event "Niederbayernliga 0708"]
[Site "Germany"]
[Date "2007.02.17"]
[Round "6.2"]
[White "Autengruber, Robert"]
[Black "Stroeher, Wolfgang"]
[Result "1/2-1/2"]
[WhiteElo "2004"]
[BlackElo "2015"]
[PlyCount "62"]
[EventDate "2007.10.21"]
[EventType "team"]
[EventRounds "9"]
[EventCountry "GER"]
[SourceTitle "EXT 2009"]
[Source "ChessBase"]
[SourceDate "2008.11.26"]
[SourceVersion "1"]
[SourceVersionDate "2008.11.26"]
[SourceQuality "1"]
[WhiteTeam "Waldkirchen Freyung"]
[BlackTeam "Straubing"]
[WhiteTeamCountry "GER"]
[BlackTeamCountry "GER"]

1. e4 Nf6 2. e5 Nd5 3. d4 d6 4. Nf3 g6 5. Be2 Bg7 6. 0-0 0-0 7. c4 Nb6 8. exd6 cxd6 9. Nbd2 Nc6 10. d5 Na5 11. Bd3 Bf5 12. Bxf5 gxf5 13. Qc2 Qc8 14. Nh4 e6 15. dxe6 fxe6 16. Re1 Naxc4 17. Nxc4 Nxc4 18. Rb1 e5 19. Qd3 Qe6 20. b3 Nb6 21. Ba3 Rad8 22. Rbd1 Rf7 23. Nf3 h6 24. Nxe5 Bxe5 25. f4 Rdd7 26. fxe5 dxe5 27. Qg3+ Rg7 28. Qf3 Qc6 29. Rxd7 Nxd7 30. Qe2 f4 31. Kh1 b6 1/2-1/2